000 00609nam a2200205 a 4500
001 BRCA_1296
005 20190320203350.0
008 230508s1989----uk-a---###---#000-0#eng-#
020 _a1555214053
050 4 _aHK2712.63
_b.K56 1989
100 1 _aKing, Constance Eileen
_94239
245 1 0 _aCountry Pine Furniture
_cConstance King.
260 _aLondres
_bChart Well Books
_c1989
300 _a129 p.
_bil. a color
_c29 cm.
500 _aIncluye glosario e índice alfabético
650 1 4 _aMuebles de madera
_94240
650 1 4 _aMuebles de pino
_94241
650 1 4 _aMuebles de campo
_94242
942 _2lcc
_cB
999 _c1162
_d1162